|
|
|
|
| LEADER |
00858nam a2200289 4500 |
| 001 |
DLU090067014 |
| 005 |
##20090424 |
| 040 |
# |
# |
|a DLU
|b eng
|
| 041 |
# |
# |
|a eng
|
| 044 |
# |
# |
|a US
|
| 100 |
# |
# |
|a Usher, Kayley M.
|
| 245 |
# |
# |
|a Exploring cyanobacterial mutualisms /
|c Kayley M. Usher, Birgitta Bergman, John A. Raven.
|
| 653 |
# |
# |
|a Evolution of symbiosis
|
| 653 |
# |
# |
|a Symbiosis
|
| 653 |
# |
# |
|a Transmission
|
| 700 |
# |
# |
|a Bergman, Birgitta.
|
| 700 |
# |
# |
|a Raven, John A.
|
| 773 |
# |
# |
|t Annual Review of Ecology, Evolution, and Systematics
|g Vol. 38 (2007), p. 255-273
|
| 920 |
# |
# |
|a Phòng Tạp chí -- Trung tâm Thông tin - Thư viện Trường Đại học Đà Lạt
|
| 994 |
# |
# |
|a DLU
|
| 900 |
# |
# |
|a True
|
| 911 |
# |
# |
|a Trương Bảo Trâm Anh
|
| 925 |
# |
# |
|a G
|
| 926 |
# |
# |
|a A
|
| 927 |
# |
# |
|a BB
|
| 980 |
# |
# |
|a Thư viện Trường Đại học Đà Lạt
|